000 00696nam a2200229Ia 4500
001 43908
003 PK-LaUMT
005 20260630124012.0
008 140425s9999 xx 000 0 und d
020 _aNA
040 _cPK-LaUMT
082 _aRHC 891.551
_bGHL-G
100 1 _aGhalib, Mirza Asadullah Khan
_913264
245 _aGhalib ki faarsi ghazlon say intikhaab (Urdu, Perisan, English)
_cGhalib Mirza<>Iftikhar Ahmad Adni<>Russel, Ralf
260 _aKarachi,Pakistan:
_bAnjaman-e-Taraqi Urdu Pakistan,
_c1997
300 _a152 p.
546 _aPersian
650 _aGhalib-poetry
_913265
700 _aRussel, Ralf
_913266
700 _aIftikhar Ahmad Adni
_913267
942 _cBK
_2ddc
999 _c41908
_d41908